[Event "LBN-ch"]
[Site "Beirut"]
[Date "2023.11.03"]
[Round "4"]
[White "Abdulaziz, Mahmoud"]
[Black "Arkadan, Adib"]
[Result "0-1"]
[WhiteElo "1999"]
[BlackElo "2161"]
[PlyCount "118"]
[EventDate "2023.10.30"]
[EventType "swiss"]
[EventRounds "9"]
[EventCountry "LBN"]
[SourceTitle "CB46_2023"]
[SourceDate "2023.11.15"]
[SourceVersion "1"]
[SourceVersionDate "2023.11.15"]
[SourceQuality "1"]

1. c4 Nf6 2. g3 c6 3. Bg2 d5 4. Nf3 Nbd7 5. 0-0 e5 6. d3 Bd6 7. e3 dxc4 8. dxc4 Qc7 9. Nc3 0-0 10. b3 a5 11. Bb2 Nc5 12. Qc2 Bg4 13. Rac1 Rad8 14. Ba1 Rfe8 15. Ng5 Be7 16. f3 Bh5 17. Rcd1 Bg6 18. e4 Ng4 19. fxg4 Bxg5 20. h4 Be3+ 21. Kh2 f6 22. Qe2 Bh6 23. Bb2 Bf7 24. Bc1 Bxc1 25. Rxc1 Ne6 26. Qe3 Qe7 27. Rc2 Qc5 28. Qc1 Rd7 29. Rcf2 b5 30. cxb5 cxb5 31. Nd5 Qxc1 32. Rxc1 Nd4 33. Ne3 Be6 34. Rc5 Rdd8 35. g5 Rc8 36. Rxc8 Rxc8 37. gxf6 Rf8 38. Bh3 Bxh3 39. Kxh3 Rxf6 40. Nf5 g6 41. Ne7+ Kf7 42. Rxf6+ Kxf6 43. Nd5+ Kf7 44. Kg4 h5+ 45. Kh3 Ne2 46. a4 b4 47. Nb6 Nd4 48. Nc4 Nxb3 49. Nxe5+ Kf6 50. Nc4 Nc5 51. Nxa5 Nxa4 52. g4 Nc5 53. gxh5 gxh5 54. Kg3 b3 55. Nxb3 Nxb3 56. Kf4 Nc5 57. e5+ Kg6 58. Ke3 Kf5 59. Kd4 Nd7 0-1

[Event "LBN-ch"]
[Site "Beirut"]
[Date "2023.10.31"]
[Round "2"]
[White "Nasser, Hadi"]
[Black "Abdulaziz, Mahmoud"]
[Result "0-1"]
[WhiteElo "1579"]
[BlackElo "1999"]
[PlyCount "52"]
[EventDate "2023.10.30"]
[EventType "swiss"]
[EventRounds "9"]
[EventCountry "LBN"]
[SourceTitle "CB46_2023"]
[SourceDate "2023.11.15"]
[SourceVersion "1"]
[SourceVersionDate "2023.11.15"]
[SourceQuality "1"]

1. e4 g6 2. d4 Bg7 3. Nc3 d6 4. Be3 a6 5. f4 b5 6. Bd3 Bb7 7. Nf3 Nd7 8. Qe2 c5 9. dxc5 Nxc5 10. Bxc5 dxc5 11. e5 Nh6 12. 0-0-0 Qa5 13. Kb1 0-0 14. h4 Rad8 15. h5 c4 16. Be4 b4 17. Rxd8 Rxd8 18. Nd1 Bc8 19. hxg6 hxg6 20. c3 Nf5 21. Qf2 Qa4 22. Bc2 b3 23. axb3 cxb3 24. Bxb3 Qxb3 25. Ne3 Nxe3 26. Qxe3 Bf5+ 0-1

[Event "LBN-ch"]
[Site "Beirut"]
[Date "2023.10.30"]
[Round "1"]
[White "Abdulaziz, Mahmoud"]
[Black "Bchouty, Mounir Maroun"]
[Result "1-0"]
[WhiteElo "1999"]
[BlackElo "1421"]
[PlyCount "47"]
[EventDate "2023.10.30"]
[EventType "swiss"]
[EventRounds "9"]
[EventCountry "LBN"]
[SourceTitle "CB46_2023"]
[SourceDate "2023.11.15"]
[SourceVersion "1"]
[SourceVersionDate "2023.11.15"]
[SourceQuality "1"]

1. Nf3 Nf6 2. g3 g6 3. Bg2 Bg7 4. d4 d5 5. 0-0 0-0 6. c4 Nc6 7. cxd5 Nxd5 8. e4 Nb6 9. d5 Na5 10. Nc3 c6 11. Qd3 cxd5 12. exd5 Bxc3 13. Qxc3 Nxd5 14. Qc5 Nf6 15. b4 Nc6 16. b5 Nb8 17. Bb2 Be6 18. Rfd1 Nbd7 19. Qg5 Kg7 20. Nd4 Qb6 21. a4 Qc5 22. Qe3 Kg8 23. Rac1 Qe5 24. Qxe5 1-0

[Event "Francophonie-chT Rapid"]
[Site "Tornelo INT"]
[Date "2022.06.05"]
[Round "8.5"]
[White "Abdulaziz, Mahmoud"]
[Black "Bryan, Mark"]
[Result "1-0"]
[WhiteElo "2054"]
[BlackElo "1743"]
[PlyCount "71"]
[EventDate "2022.06.04"]
[EventType "team-swiss (rapid)"]
[EventRounds "11"]
[EventCountry "FRA"]
[SourceTitle "CBM 208 Extra"]
[Source "ChessBase"]
[SourceDate "2022.07.31"]
[SourceVersion "1"]
[SourceVersionDate "2022.07.31"]
[SourceQuality "1"]
[WhiteTeam "Lebanon"]
[BlackTeam "Cyprus"]
[WhiteTeamCountry "LBN"]
[BlackTeamCountry "CYP"]

1. c4 g6 2. g3 Bg7 3. Bg2 Nf6 4. e3 0-0 5. Ne2 c5 6. 0-0 Nc6 7. d4 d6 8. Nbc3 a6 9. b3 Qa5 10. Bb2 Nb4 11. Nf4 Rd8 12. a3 Nc6 13. Nfd5 Nxd5 14. Nxd5 Rf8 15. b4 Qd8 16. b5 axb5 17. cxb5 Na5 18. a4 e6 19. Nf4 d5 20. Ba3 c4 21. Bxf8 Qxf8 22. Qc2 Nb3 23. Ra2 Qb4 24. Rb1 Rxa4 25. Rab2 Bd7 26. Rxb3 cxb3 27. Rxb3 Ra1+ 28. Bf1 Qe1 29. Qe2 g5 30. Qxe1 Rxe1 31. Nd3 Ra1 32. Nc5 Bc8 33. Kg2 Bf8 34. Rc3 Rb1 35. Bd3 Rd1 36. Bc2 1-0

[Event "Asia Nations online Cup"]
[Site "Chess.com INT"]
[Date "2020.10.18"]
[Round "7.13"]
[White "Abdulaziz, Mahmoud"]
[Black "Nay, Lin Tun2222"]
[Result "0-1"]
[WhiteElo "2085"]
[BlackElo "2045"]
[PlyCount "134"]
[EventDate "2020.10.10"]
[EventType "team-swiss (rapid)"]
[EventRounds "9"]
[EventCountry "IND"]
[SourceTitle "CBM 198 Extra"]
[Source "ChessBase"]
[SourceDate "2020.11.30"]
[SourceVersion "1"]
[SourceVersionDate "2020.11.30"]
[SourceQuality "1"]
[WhiteTeam "Lebanon"]
[BlackTeam "Myanmar"]
[WhiteTeamCountry "LBN"]
[BlackTeamCountry "MYA"]

1. e4 e5 2. Bc4 Nf6 3. d3 Nc6 4. Nc3 h6 5. f4 Bc5 6. Nf3 Ng4 7. Rf1 Nxh2 8. Nxh2 Qh4+ 9. Kd2 Qxh2 10. fxe5 Qxg2+ 11. Qe2 Qxe2+ 12. Nxe2 Rf8 13. c3 Nxe5 14. Bb3 Ng6 15. d4 Be7 16. Kd3 d6 17. Rg1 Bd7 18. Be3 Bf6 19. Raf1 h5 20. Ng3 Rh8 21. e5 dxe5 22. Ne4 Ke7 23. Nxf6 gxf6 24. dxe5 Nxe5+ 25. Kc2 b6 26. Bf2 h4 27. Re1 Bf5+ 28. Kc1 Kf8 29. Re2 Nd3+ 30. Kd2 Rd8 31. Ke3 Re8+ 32. Kd2 Rxe2+ 33. Kxe2 Nxf2 34. Kxf2 Be4 35. Rd1 Rh6 36. Kg1 Rg6+ 37. Kh2 Rg2+ 38. Kh3 Rxb2 39. Kxh4 Bf5 40. Rd8+ Ke7 41. Ra8 Be6 42. Rxa7 Kd6 43. c4 b5 44. Ra6+ Kd7 45. cxb5 Bxb3 46. axb3 Rxb3 47. Rxf6 Rxb5 48. Rxf7+ Kc6 49. Kg3 Re5 50. Kf3 Kb6 51. Kf4 Re8 52. Rf5 c5 53. Rf6+ Kb5 54. Rf7 c4 55. Rb7+ Ka4 56. Rc7 Kb3 57. Rb7+ Kc2 58. Kf3 c3 59. Kf2 Kc1 60. Rb6 c2 61. Rb7 Re4 62. Kf3 Rd4 63. Ke3 Rd8 64. Rh7 Re8+ 65. Kd3 Rd8+ 66. Kc3 Rc8+ 67. Kb3 Kb1 0-1

[Event "Asia Nations online Cup"]
[Site "Chess.com INT"]
[Date "2020.10.18"]
[Round "8.15"]
[White "Abdulaziz, Mahmoud"]
[Black "Nidal, Ahmad"]
[Result "1-0"]
[WhiteElo "2085"]
[BlackElo "1673"]
[PlyCount "115"]
[EventDate "2020.10.10"]
[EventType "team-swiss (rapid)"]
[EventRounds "9"]
[EventCountry "IND"]
[SourceTitle "CBM 198 Extra"]
[Source "ChessBase"]
[SourceDate "2020.11.30"]
[SourceVersion "1"]
[SourceVersionDate "2020.11.30"]
[SourceQuality "1"]
[WhiteTeam "Lebanon"]
[BlackTeam "Palestine"]
[WhiteTeamCountry "LBN"]
[BlackTeamCountry "PLE"]

1. e4 e5 2. Bc4 Nf6 3. d3 Be7 4. Nc3 0-0 5. f4 Nc6 6. Nf3 d6 7. 0-0 exf4 8. Bxf4 Na5 9. Bb3 Nxb3 10. axb3 c6 11. Kh1 Bg4 12. h3 Bh5 13. g4 Bg6 14. Qe2 Re8 15. Qg2 h5 16. Nh4 hxg4 17. Nxg6 fxg6 18. hxg4 Qd7 19. Rf3 Qxg4 20. Qxg4 Nxg4 21. Rg1 Ne5 22. Bxe5 dxe5 23. Rxg6 Rf8 24. Rfg3 Rf7 25. Kg2 Bf6 26. Nd1 Kf8 27. Ne3 Rd8 28. Nf5 Rdd7 29. Rh3 Rfe7 30. Nxe7 Kxe7 31. Kf3 Kd6 32. Rh1 Kc5 33. Ke2 b5 34. Ra1 Kb6 35. Rh1 a5 36. Rh7 Rd6 37. Rhxg7 Be7 38. Rxd6 Bxd6 39. Rg6 Kc5 40. c3 Bc7 41. Rg5 Kd6 42. d4 exd4 43. cxd4 a4 44. bxa4 bxa4 45. Kd3 Bd8 46. Rg6+ Kd7 47. Kc4 Be7 48. Rg7 Ke6 49. Rg6+ Kd7 50. d5 cxd5+ 51. Kxd5 a3 52. bxa3 Bxa3 53. Rg7+ Ke8 54. Ke6 Kf8 55. Ra7 Bc5 56. Rb7 Bd4 57. e5 Bf2 58. Rf7+ 1-0

[Event "Asia Nations online Cup"]
[Site "Chess.com INT"]
[Date "2020.10.16"]
[Round "4.13"]
[White "Abdulaziz, Mahmoud"]
[Black "Al Ansi, Amin Hassan"]
[Result "0-1"]
[WhiteElo "2085"]
[BlackElo "1816"]
[PlyCount "70"]
[EventDate "2020.10.10"]
[EventType "team-swiss (rapid)"]
[EventRounds "9"]
[EventCountry "IND"]
[SourceTitle "CBM 198 Extra"]
[Source "ChessBase"]
[SourceDate "2020.11.30"]
[SourceVersion "1"]
[SourceVersionDate "2020.11.30"]
[SourceQuality "1"]
[WhiteTeam "Lebanon"]
[BlackTeam "Oman"]
[WhiteTeamCountry "LBN"]
[BlackTeamCountry "OMN"]

1. c4 e5 2. g3 Nf6 3. Bg2 d5 4. cxd5 Nxd5 5. Nc3 Nb6 6. Nf3 Nc6 7. 0-0 Be7 8. d3 0-0 9. a3 a5 10. b3 Be6 11. Bb2 Qd7 12. Re1 Rad8 13. Rc1 f5 14. Qd2 Bxb3 15. Nb5 Bf6 16. h4 a4 17. Rc3 e4 18. Ng5 Bxc3 19. Qxc3 h6 20. Nh3 Nd5 21. Qc5 b6 22. Qc1 Na5 23. dxe4 fxe4 24. Nd4 Nf6 25. Nf4 Rfe8 26. Bh3 Qd6 27. Nxb3 axb3 28. Kh2 c5 29. Bc3 Nc6 30. Qb2 c4 31. e3 b5 32. Re2 Ne5 33. Bb4 Nf3+ 34. Kg2 Qd1 35. Be6+ Rxe6 0-1

[Event "Beirut op 10th"]
[Site "Beirut"]
[Date "2019.04.29"]
[Round "4"]
[White "Abdulaziz, Mahmoud"]
[Black "Al Salman, Mohamad"]
[Result "1-0"]
[WhiteElo "2108"]
[BlackElo "1958"]
[PlyCount "159"]
[EventDate "2019.04.25"]
[EventType "swiss"]
[EventRounds "9"]
[EventCountry "LBN"]
[SourceTitle "CBM 190 Extra"]
[Source "ChessBase"]
[SourceDate "2019.07.15"]
[SourceVersion "1"]
[SourceVersionDate "2019.07.15"]
[SourceQuality "1"]

1. c4 Nf6 2. g3 e6 3. Nf3 d5 4. Bg2 c5 5. 0-0 d4 6. d3 Be7 7. b4 cxb4 8. a3 bxa3 9. Bxa3 Nc6 10. Nbd2 0-0 11. Qb3 Nd7 12. Bxe7 Qxe7 13. Rfb1 Nc5 14. Qa3 a6 15. Nb3 Nxb3 16. Qxe7 Nxe7 17. Rxb3 Nc6 18. Ng5 f5 19. Rb6 h6 20. Nf3 e5 21. Nd2 Rf6 22. c5 Ne7 23. Nc4 Rxb6 24. Nxb6 Rb8 25. Nc4 Be6 26. Nxe5 Bd5 27. Rb1 Rc8 28. Bxd5+ Nxd5 29. Rxb7 Rxc5 30. Rb8+ Kh7 31. Nf3 a5 32. Nxd4 Kg6 33. Kg2 a4 34. Ra8 Nc3 35. Ra6+ Kf7 36. Kf3 Ke7 37. g4 fxg4+ 38. Kxg4 Rg5+ 39. Kf3 Kd7 40. e4 Rh5 41. Kg4 Rxh2 42. f4 Rd2 43. Nf3 Rg2+ 44. Kf5 Rg3 45. Ne5+ Ke7 46. d4 h5 47. d5 Nb5 48. Nc6+ Kd7 49. e5 a3 50. Na7 Nd4+ 51. Ke4 Nb3 52. e6+ Ke7 53. Nc6+ Kf6 54. Ra7 Nc5+ 55. Kd4 Nxe6+ 56. dxe6 Kxe6 57. Ke4 h4 58. Nd4+ Kf6 59. Ra6+ Kf7 60. Nf5 Rb3 61. Nxh4 g5 62. Ra7+ Kg8 63. Ra8+ Kf7 64. Ra7+ Kg8 65. Ng6 gxf4 66. Kxf4 Rc3 67. Kf5 Rc5+ 68. Kf6 Rc6+ 69. Kg5 Rc3 70. Nf4 Rc5+ 71. Kf6 Rc3 72. Ne6 Rf3+ 73. Kg6 Rg3+ 74. Ng5 Kf8 75. Kf6 Ke8 76. Ne4 Re3 77. Ke5 Rb3 78. Ke6 Kd8 79. Nd6 Rh3 80. Rd7# 1-0

[Event "Beirut op 10th"]
[Site "Beirut"]
[Date "2019.04.25"]
[Round "1"]
[White "Hanna, Elie"]
[Black "Abdulaziz, Mahmoud"]
[Result "1-0"]
[WhiteElo "1726"]
[BlackElo "2108"]
[PlyCount "55"]
[EventDate "2019.04.25"]
[EventType "swiss"]
[EventRounds "9"]
[EventCountry "LBN"]
[SourceTitle "CBM 190 Extra"]
[Source "ChessBase"]
[SourceDate "2019.07.15"]
[SourceVersion "1"]
[SourceVersionDate "2019.07.15"]
[SourceQuality "1"]

1. e4 g6 2. d4 Bg7 3. f4 d6 4. Nf3 a6 5. Bc4 b5 6. Bb3 Bb7 7. 0-0 Nh6 8. Qe1 d5 9. e5 e6 10. c3 Nd7 11. h3 c5 12. Be3 Nf5 13. Bf2 cxd4 14. cxd4 h5 15. Bc2 a5 16. Nc3 b4 17. Nb5 Ba6 18. Bd3 Kf8 19. a4 bxa3 20. Rxa3 Bb7 21. Bxf5 gxf5 22. Nd6 Ba6 23. Bh4 Qb6 24. Qxa5 Qxa5 25. Rxa5 Bh6 26. Rfa1 Nb8 27. b4 Kg7 28. b5 1-0

[Event "LIB-ch 44th"]
[Site "Beirut"]
[Date "2019.01.28"]
[Round "10"]
[White "Khairallah, Faisal"]
[Black "Abdulaziz, Mahmoud"]
[Result "1-0"]
[WhiteElo "2274"]
[BlackElo "2108"]
[PlyCount "89"]
[EventDate "2019.01.17"]
[EventType "tourn"]
[EventRounds "11"]
[EventCountry "LBN"]
[SourceTitle "CBM 188 Extra"]
[Source "ChessBase"]
[SourceDate "2019.02.26"]
[SourceVersion "1"]
[SourceVersionDate "2019.02.26"]
[SourceQuality "1"]

1. e4 Nf6 2. e5 Nd5 3. d4 d6 4. c4 Nb6 5. exd6 cxd6 6. Nc3 g6 7. Be3 Bg7 8. Rc1 0-0 9. b3 Nc6 10. d5 Nb8 11. Be2 a5 12. h3 Na6 13. Nf3 a4 14. 0-0 axb3 15. axb3 Nb4 16. Qd2 Nd7 17. Bd4 Ne5 18. Nxe5 Bxe5 19. Bxe5 dxe5 20. Ra1 Bf5 21. Nb5 Na6 22. Qc3 f6 23. c5 Kg7 24. Rfd1 Rc8 25. b4 Nc7 26. Ra7 Rb8 27. d6 Nxb5 28. Bxb5 exd6 29. Rxd6 Qc7 30. g4 Bc8 31. Qd2 Rf7 32. Qd5 Qe7 33. Bc4 Rf8 34. b5 Kh8 35. b6 e4 36. Qd4 Qe5 37. Qxe5 fxe5 38. c6 bxc6 39. Rxc6 Rb7 40. Ra8 Kg7 41. Raxc8 Rxc8 42. Rxc8 Rxb6 43. Rc7+ Kh8 44. Bd5 Rb4 45. Re7 1-0

[Event "LIB-ch 44th"]
[Site "Beirut"]
[Date "2019.01.27"]
[Round "9"]
[White "Abdulaziz, Mahmoud"]
[Black "Kassis, Antoine"]
[Result "0-1"]
[WhiteElo "2108"]
[BlackElo "2159"]
[PlyCount "50"]
[EventDate "2019.01.17"]
[EventType "tourn"]
[EventRounds "11"]
[EventCountry "LBN"]
[SourceTitle "CBM 188 Extra"]
[Source "ChessBase"]
[SourceDate "2019.02.26"]
[SourceVersion "1"]
[SourceVersionDate "2019.02.26"]
[SourceQuality "1"]

1. e4 c5 2. Nc3 a6 3. g3 b5 4. Bg2 Bb7 5. d3 e6 6. Nf3 b4 7. Ne2 Nf6 8. c4 d6 9. a3 Nbd7 10. Nf4 Be7 11. h4 0-0 12. Bh3 Ne5 13. Bxe6 fxe6 14. Nxe6 Qd7 15. Nxf8 Rxf8 16. Ng5 h6 17. f4 hxg5 18. hxg5 Nfg4 19. fxe5 dxe5 20. Rf1 Rxf1+ 21. Kxf1 Bxe4 22. Ke2 Qd4 23. dxe4 Qxe4+ 24. Kf1 Qh1+ 25. Ke2 Qg2+ 0-1

[Event "LIB-ch 44th"]
[Site "Beirut"]
[Date "2019.01.22"]
[Round "5"]
[White "Nassar, Marc"]
[Black "Abdulaziz, Mahmoud"]
[Result "1-0"]
[WhiteElo "1889"]
[BlackElo "2108"]
[PlyCount "147"]
[EventDate "2019.01.17"]
[EventType "tourn"]
[EventRounds "11"]
[EventCountry "LBN"]
[SourceTitle "CBM 188 Extra"]
[Source "ChessBase"]
[SourceDate "2019.02.26"]
[SourceVersion "1"]
[SourceVersionDate "2019.02.26"]
[SourceQuality "1"]

1. e4 d6 2. d4 Nf6 3. Nc3 e5 4. Nge2 Be7 5. f3 a6 6. a4 h6 7. Be3 Nc6 8. d5 Nb4 9. a5 c5 10. Nb1 Nfxd5 11. exd5 Bf5 12. Na3 Qxa5 13. Nc3 Bxc2 14. Qd2 Bb3 15. Be2 Nxd5 16. 0-0 Nxe3 17. Qxe3 Qb4 18. Bd1 0-0 19. Bxb3 Qxb3 20. Qe2 Rfd8 21. Qc4 Qxc4 22. Nxc4 d5 23. Nb6 Rab8 24. Ncxd5 Kf8 25. Rad1 Rd6 26. Nc4 Re6 27. Nxe7 Kxe7 28. Rd5 b5 29. Nxe5 c4 30. Rfd1 Rb7 31. f4 a5 32. Kf2 a4 33. Rd7+ Rxd7 34. Rxd7+ Ke8 35. Rb7 f6 36. Nf3 Rc6 37. Nd4 Rc8 38. Nxb5 Kf8 39. Nc3 Ra8 40. Rb4 a3 41. bxa3 Rxa3 42. Rxc4 Rb3 43. Rc7 g5 44. f5 h5 45. h3 Rb4 46. g3 h4 47. g4 Rb2+ 48. Ne2 Rb3 49. Rc3 Rb1 50. Re3 Rh1 51. Kg2 Ra1 52. Kf3 Ra4 53. Nc3 Rf4+ 54. Ke2 Rd4 55. Ne4 Kg7 56. Nc5 Rc4 57. Ne6+ Kh6 58. Kd3 Ra4 59. Kc3 Kh7 60. Kb3 Ra1 61. Kc4 Kg8 62. Rd3 Kh7 63. Kc5 Ra6 64. Kb5 Ra7 65. Rd7+ Kh6 66. Rd8 Kh7 67. Kb6 Ra3 68. Rf8 Rxh3 69. Rxf6 Rg3 70. Nxg5+ Kg8 71. Kc6 h3 72. Rh6 Rxg4 73. Rg6+ Kh8 74. Nf7+ 1-0

[Event "LIB-ch 44th"]
[Site "Beirut"]
[Date "2019.01.19"]
[Round "3"]
[White "Al Salman, Mohamad"]
[Black "Abdulaziz, Mahmoud"]
[Result "1-0"]
[WhiteElo "1939"]
[BlackElo "2108"]
[PlyCount "83"]
[EventDate "2019.01.17"]
[EventType "tourn"]
[EventRounds "11"]
[EventCountry "LBN"]
[SourceTitle "CBM 188 Extra"]
[Source "ChessBase"]
[SourceDate "2019.02.26"]
[SourceVersion "1"]
[SourceVersionDate "2019.02.26"]
[SourceQuality "1"]

1. d4 Nf6 2. c4 g6 3. Nc3 Bg7 4. e4 d6 5. Nf3 0-0 6. Be2 e5 7. 0-0 Nc6 8. d5 Ne7 9. Ne1 Ne8 10. Nc2 f5 11. exf5 gxf5 12. f4 Nf6 13. Be3 Ng6 14. fxe5 dxe5 15. Bc5 Rf7 16. d6 c6 17. Ne3 Nf4 18. Bd3 Nd7 19. Ba3 Qb6 20. c5 Nxc5 21. Nc4 Qd8 22. Bxc5 Qg5 23. Qf3 Nxd3 24. Qxd3 Be6 25. Rae1 b6 26. Bf2 e4 27. Qe3 f4 28. Qxe4 Bd5 29. Nxd5 cxd5 30. Qf3 Rd8 31. Na3 Rxd6 32. Nb5 Rd8 33. Nd4 Bxd4 34. Bxd4 Rc8 35. Re5 Qg6 36. Qxd5 h6 37. Re7 Rcf8 38. Rxf7 Rxf7 39. Qe5 Qh7 40. Qe8+ Rf8 41. Qe6+ Rf7 42. Qg4+ 1-0

[Event "Beirut Christmas op 20th"]
[Site "Beirut"]
[Date "2018.12.23"]
[Round "2"]
[White "Abdulaziz, Mahmoud"]
[Black "Kabalan, Farah"]
[Result "1-0"]
[WhiteElo "2108"]
[BlackElo "1629"]
[PlyCount "53"]
[EventDate "2018.12.22"]
[EventType "swiss"]
[EventRounds "7"]
[EventCountry "LBN"]
[SourceTitle "CBM 188 Extra"]
[Source "ChessBase"]
[SourceDate "2019.02.26"]
[SourceVersion "1"]
[SourceVersionDate "2019.02.26"]
[SourceQuality "1"]

1. Nf3 Nf6 2. g3 d5 3. Bg2 c6 4. 0-0 g6 5. d4 Bg7 6. c4 0-0 7. b3 Ne4 8. Bb2 Nd7 9. Nc3 Nxc3 10. Bxc3 Nf6 11. cxd5 cxd5 12. Rc1 Bd7 13. Ne5 Ne4 14. Bb4 a5 15. Ba3 a4 16. Nxd7 Qxd7 17. b4 Rfc8 18. Qd3 f5 19. b5 e6 20. e3 Bf8 21. Bxf8 Kxf8 22. Bxe4 dxe4 23. Qa3+ Kf7 24. Rxc8 Qxc8 25. Rc1 Qd7 26. Rc4 Qe7 27. Qc3 1-0

[Event "Beirut op 9th"]
[Site "Beirut"]
[Date "2017.09.30"]
[Round "1"]
[White "Abchee, Alexandre"]
[Black "Abdulaziz, Mahmoud"]
[Result "0-1"]
[WhiteElo "1292"]
[BlackElo "2093"]
[PlyCount "88"]
[EventDate "2017.09.30"]
[EventType "swiss"]
[EventRounds "9"]
[EventCountry "LBN"]
[SourceTitle "CBM 181 Extra"]
[Source "ChessBase"]
[SourceDate "2017.12.12"]
[SourceVersion "1"]
[SourceVersionDate "2017.12.12"]
[SourceQuality "1"]

1. e4 g6 2. d4 Bg7 3. Nf3 d6 4. Nc3 a6 5. Be3 b5 6. a3 Nd7 7. Qd2 Bb7 8. Bd3 c5 9. b3 Rc8 10. Rb1 h6 11. Na2 Ngf6 12. Qe2 Qa5+ 13. Bd2 Qc7 14. 0-0 0-0 15. Rfe1 cxd4 16. Nxd4 Nc5 17. f3 Nfxe4 18. Bxh6 Bxd4+ 19. Kf1 Nc3 20. Nxc3 Bxc3 21. Qxe7 Rfe8 22. Qxc7 Rxe1+ 23. Rxe1 Rxc7 24. Re8+ Kh7 25. Bf4 Nxd3 26. cxd3 Rd7 27. Rb8 Kg7 28. Bxd6 Kf6 29. g4 Ke6 30. Bg3 Kd5 31. Re8 Bb2 32. a4 bxa4 33. bxa4 Bc3 34. Re4 a5 35. Rc4 Bd4 36. Rc1 Bc6 37. Be1 Ra7 38. Rc4 Ra6 39. Ke2 Bd7 40. Kf1 Be5 41. h3 Rc6 42. Re4 Rc1 43. Kf2 Rc2+ 44. Kf1 Bd4 0-1

[Event "LIB-ch 43rd"]
[Site "Beirut"]
[Date "2017.07.23"]
[Round "5"]
[White "Abdulaziz, Mahmoud"]
[Black "Kaouri, Mahdi"]
[Result "1/2-1/2"]
[WhiteElo "2117"]
[BlackElo "2074"]
[PlyCount "42"]
[EventDate "2017.07.18"]
[EventType "tourn"]
[EventRounds "11"]
[EventCountry "LBN"]
[SourceTitle "EXT 2018"]
[Source "ChessBase"]
[SourceDate "2017.10.13"]
[SourceVersion "1"]
[SourceVersionDate "2017.10.13"]
[SourceQuality "1"]

1. c4 c5 2. g3 Nc6 3. Bg2 g6 4. Nc3 Bg7 5. Nf3 e6 6. e4 Nge7 7. 0-0 0-0 8. d3 d6 9. Bf4 a6 10. Qd2 Re8 11. h4 Nd4 12. Nxd4 Bxd4 13. e5 dxe5 14. Bg5 f5 15. h5 Qc7 16. Ne2 Nc6 17. hxg6 hxg6 18. Bf6 Rf8 19. Bxc6 Rxf6 20. Qg5 Qg7 21. Bf3 Rf8 1/2-1/2

[Event "LIB-ch 42nd"]
[Site "Beirut"]
[Date "2016.12.03"]
[Round "9"]
[White "Najjar, Ahmad"]
[Black "Abdulaziz, Mahmoud"]
[Result "1-0"]
[WhiteElo "2312"]
[BlackElo "2126"]
[PlyCount "70"]
[EventDate "2016.11.23"]
[EventType "tourn"]
[EventRounds "11"]
[EventCountry "LBN"]
[SourceTitle "CBM 175 Extra"]
[Source "ChessBase"]
[SourceDate "2016.12.12"]
[SourceVersion "1"]
[SourceVersionDate "2016.12.12"]
[SourceQuality "1"]

1. e4 g6 2. d4 Bg7 3. Nc3 d6 4. Be3 a6 5. a4 b6 6. Nf3 Bb7 7. h3 e6 8. Be2 Ne7 9. 0-0 Nd7 10. Nd2 0-0 11. f4 f5 12. Bc4 d5 13. exd5 exd5 14. Bb3 Kh8 15. Ne2 c5 16. c3 c4 17. Bc2 Nf6 18. Nf3 Ne4 19. Ne5 Ng8 20. Bxe4 fxe4 21. Qe1 Ne7 22. g4 Nc6 23. Qg3 b5 24. Rf2 Bf6 25. Qg2 Qe7 26. Ng3 b4 27. g5 Bg7 28. h4 bxc3 29. bxc3 Qe6 30. h5 gxh5 31. f5 Qe7 32. f6 Bxf6 33. gxf6 Rxf6 34. Rxf6 Qxf6 35. Nxh5 Qe7 1-0

[Event "LIB-ch 42nd"]
[Site "Beirut"]
[Date "2016.11.27"]
[Round "4"]
[White "Abdulaziz, Mahmoud"]
[Black "Khairallah, Faisal"]
[Result "1/2-1/2"]
[WhiteElo "2126"]
[BlackElo "2251"]
[PlyCount "54"]
[EventDate "2016.11.23"]
[EventType "tourn"]
[EventRounds "11"]
[EventCountry "LBN"]
[SourceTitle "CBM 175 Extra"]
[Source "ChessBase"]
[SourceDate "2016.12.12"]
[SourceVersion "1"]
[SourceVersionDate "2016.12.12"]
[SourceQuality "1"]

1. c4 b6 2. Nc3 Bb7 3. e4 e6 4. g3 f5 5. Bg2 Nf6 6. d3 fxe4 7. Nge2 Nc6 8. dxe4 Bc5 9. 0-0 0-0 10. Na4 e5 11. Nxc5 bxc5 12. Nc3 d6 13. Nd5 Nxd5 14. exd5 Nd4 15. f4 exf4 16. Bxf4 a5 17. Be4 Bc8 18. Be3 Rxf1+ 19. Qxf1 Qe7 20. Qd3 Bf5 21. Bxf5 Nxf5 22. Bxc5 Nxg3 23. Qxg3 dxc5 24. Re1 Qf7 25. Rf1 Qe7 26. Re1 Qf7 27. Rf1 Qe7 1/2-1/2

[Event "LIB-ch 42nd"]
[Site "Beirut"]
[Date "2016.11.24"]
[Round "2"]
[White "Abdulaziz, Mahmoud"]
[Black "Kaloust, Giorgio"]
[Result "1/2-1/2"]
[WhiteElo "2126"]
[BlackElo "1542"]
[PlyCount "154"]
[EventDate "2016.11.23"]
[EventType "tourn"]
[EventRounds "11"]
[EventCountry "LBN"]
[SourceTitle "CBM 175 Extra"]
[Source "ChessBase"]
[SourceDate "2016.12.12"]
[SourceVersion "1"]
[SourceVersionDate "2016.12.12"]
[SourceQuality "1"]

1. g3 g6 2. Bg2 Bg7 3. c4 d6 4. Nc3 Nf6 5. d3 0-0 6. Nf3 c6 7. 0-0 Qa5 8. Rb1 c5 9. a3 Nc6 10. Bd2 Qd8 11. b4 Nd7 12. Qc1 Re8 13. Bg5 a6 14. b5 Nce5 15. bxa6 Rxa6 16. Nxe5 Nxe5 17. Nb5 Nc6 18. Bd2 Nd4 19. Nxd4 Bxd4 20. Bxb7 Bxb7 21. Rxb7 Qa8 22. Rb3 Rb8 23. Rxb8+ Qxb8 24. Bc3 Qa7 25. Bxd4 cxd4 26. Qb2 Rxa3 27. Rb1 Ra2 28. Qb8+ Qxb8 29. Rxb8+ Kg7 30. Kf1 Ra5 31. Rb5 Ra6 32. f4 f6 33. Kf2 Kf7 34. Kf3 Kg7 35. Rb2 f5 36. Rb5 Kf6 37. Rd5 e5 38. e3 dxe3 39. Kxe3 Ke6 40. Rb5 exf4+ 41. gxf4 Ra7 42. Rb6 Rc7 43. Kd4 Kd7 44. Ra6 Ke7 45. Ra8 Ke6 46. Ra5 Rd7 47. Ra6 Rc7 48. Kc3 Kd7 49. d4 Ke7 50. Ra8 Kf6 51. h4 Kf7 52. Kb4 Rb7+ 53. Ka5 Rb1 54. Ra7+ Kf6 55. Rxh7 Rd1 56. d5 Rd4 57. Kb5 Rxf4 58. h5 gxh5 59. Rxh5 Rd4 60. Rh6+ Ke7 61. Rh7+ Ke8 62. Rh5 f4 63. Rf5 Ke7 64. c5 dxc5 65. Kxc5 Re4 66. d6+ Ke8 67. Kd5 Ra4 68. Kc6 Ra6+ 69. Kc7 Ra7+ 70. Kc8 Ra8+ 71. Kb7 Ra4 72. Kc6 Ra6+ 73. Kc7 Ra7+ 74. Kc8 Ra8+ 75. Kc7 Ra7+ 76. Kb6 Ra4 77. Rb5 Rc4 1/2-1/2

[Event "LIB-ch sf"]
[Site "Beirut"]
[Date "2016.10.01"]
[Round "5"]
[White "Sharbel, Marwan"]
[Black "Abdulaziz, Mahmoud"]
[Result "0-1"]
[WhiteElo "1949"]
[BlackElo "2123"]
[PlyCount "86"]
[EventDate "2016.09.27"]
[EventType "swiss"]
[EventRounds "6"]
[EventCountry "LBN"]
[SourceTitle "EXT 2018"]
[Source "ChessBase"]
[SourceDate "2017.10.13"]
[SourceVersion "1"]
[SourceVersionDate "2017.10.13"]
[SourceQuality "1"]

1. d4 Nf6 2. c4 g6 3. Nc3 Bg7 4. Nf3 0-0 5. Bg5 c5 6. d5 h6 7. Bd2 d6 8. e4 e6 9. Bd3 exd5 10. cxd5 Nbd7 11. h3 a6 12. a4 Qe7 13. 0-0 Ne5 14. Nxe5 Qxe5 15. a5 Bd7 16. Qf3 g5 17. Ne2 Bb5 18. Bc3 g4 19. Qe3 Nxd5 20. Bxb5 Nxe3 21. Bxe5 Bxe5 22. fxe3 axb5 23. hxg4 b4 24. Rfb1 Ra6 25. Nf4 Rfa8 26. Nd5 Rxa5 27. Rxa5 Rxa5 28. b3 Ra2 29. Nb6 Kg7 30. Nc4 Kf6 31. Rf1+ Ke6 32. Rd1 b5 33. Nd2 Rc2 34. Kf1 c4 35. bxc4 bxc4 36. Nf3 b3 37. Ne1 Ra2 38. Rd5 Bg3 39. Nf3 Ra1+ 40. Ke2 b2 41. Nd2 Re1+ 42. Kf3 c3 43. Nb1 c2 0-1